000 00721nam a22002171 4500
001 105173
003 ES-MaACL
005 20230906183814.0
007 t|
008 060615s1961 sp ||||0| spa d
016 7 _zIND9200523439
040 _aM-BN
_bspa
_cA2
080 _a371.22(100)
100 1 _aLópez Medel, Jesús.
_973768
245 1 0 _aSistemas comparativos de ayuda al estudio /
_c: Jesús López Medel.
260 _aMadrid :
_b[s.n.],
_c1961 (
_fSuc. de Rivadeneyra)
300 _a116 p ;
_c19 cm.
500 _aEdiciones de la Secretaría Permanente de los Congresos de la Familia Española.
650 1 4 _aEstudiantes-
_xProtección, asistencia, etc.
_912572
852 _aES-MaACL
_jC-21110
_bR.49116
999 _c105173
_d105173